MARC

LEADER 00000nam0a2200000 4500
001 261575
005 20231101233557.0
010 |a 5247002180 
020 |a RU  |b 88-43142 
035 |a (RuTPU)RU\TPU\book\284556 
090 |a 261575 
100 |a 20140524d1988 k y0rusy5003 ca 
101 0 |a rus 
102 |a RU 
105 |a a z 001zy 
200 1 |a Измерение смещений оползней  |f А. Г. Григоренко 
210 |a Москва  |c Недра  |d 1988 
215 |a 144 с.  |c ил. 
320 |a Библиогр.: с . 143 (9 назв.). 
606 1 |a Оползни  |2 stltpush  |3 (RuTPU)RU\TPU\subj\47072  |9 66139 
610 1 |a инженерно-геологические исследования 
610 1 |a смещение 
610 1 |a геодинамические процессы 
610 1 |a здания 
610 1 |a сооружения 
610 1 |a автоматизация 
610 1 |a наблюдения 
610 1 |a обработка данных 
610 1 |a картографирование 
675 |a 624.131.54  |z rus  |v 3 
700 1 |a Григоренко  |b А.Г.  |g Анатолий Григорьевич  |4 070 
801 0 |a RU  |b RuMRKP  |c 19950417  |g psbo 
801 1 |a RU  |b 63413507  |c 20140524 
801 2 |a RU  |b 63413507  |c 20150206  |g RCR 
942 |c BK